| 000 | 00803nam a2200205 a 4500 | ||
|---|---|---|---|
| 001 | 000039752 | ||
| 005 | 20201002033720.0 | ||
| 008 | 130718s2013 dr 000 0 spa d | ||
| 020 | _a9789945165456 | ||
| 040 |
_aDO-SdBNP _bspa _cBNPHU |
||
| 100 | 1 |
_aGonzález Benítez, Idarmis _965942 |
|
| 245 | 1 | 0 |
_aMi familia está en crisis! : _b¿qué hacer para superarla? / _cIdarmis González Benítez, Patricia María Herrera Santí ; prólogo Alexis Lorenzo Ruiz. |
| 260 |
_aSanto Domingo : _bBúho, _c2013. |
||
| 300 |
_a126 p. ; _c24 cm. |
||
| 500 | _aIncluye datos biográficos de las autoras en las solapas | ||
| 500 | _aIncluye notas al pie de las páginas | ||
| 504 | _aBibliografía : 115-126 | ||
| 700 | 1 |
_aHerrera Santí, Patriacia María, _965943 |
|
| 700 | 1 |
_aLorenzo Ruiz, Alexis, _epról. _965944 |
|
| 999 |
_c39242 _d39242 |
||